logo

Bir Sreshtho Munshi Abdur Rouf Library
Jhenaidah Cadet College

Historians of India, Pakistan and Ceylon / (Record no. 9444)

MARC details
000 -LEADER
fixed length control field 01518nam a2200409 a 4500
001 - CONTROL NUMBER
control field 9444
003 - CONTROL NUMBER IDENTIFIER
control field BD-JhCC
005 - DATE AND TIME OF LATEST TRANSACTION
control field 20180314155840.0
008 - FIXED-LENGTH DATA ELEMENTS--GENERAL INFORMATION
fixed length control field 180314s1961 enk b 001 0 eng d
035 ## - SYSTEM CONTROL NUMBER
System control number BD-JhCC)9444
040 ## - CATALOGING SOURCE
Original cataloging agency BD-JhCC
Transcribing agency OBE
Modifying agency OCL
-- UkOxU
082 ## - DEWEY DECIMAL CLASSIFICATION NUMBER
Classification number 954.95
090 ## - LOCALLY ASSIGNED LC-TYPE CALL NUMBER (OCLC); LOCAL CALL NUMBER (RLIN)
Classification number (OCLC) (R) ; Classification number, CALL (RLIN) (NR) DS32.5
Local cutter number (OCLC) ; Book number/undivided call number, CALL (RLIN) .L6 v.1
092 ## - LOCALLY ASSIGNED DEWEY CALL NUMBER (OCLC)
Classification number D0400476119
092 ## - LOCALLY ASSIGNED DEWEY CALL NUMBER (OCLC)
Classification number 10210160
100 1# - MAIN ENTRY--PERSONAL NAME
Personal name Philips, C. H.
Fuller form of name (Cyril Henry),
Dates associated with a name 1912-2005
245 10 - TITLE STATEMENT
Title Historians of India, Pakistan and Ceylon /
Statement of responsibility, etc. edited by C.H. Philips.
260 ## - PUBLICATION, DISTRIBUTION, ETC.
Place of publication, distribution, etc. London :
Name of publisher, distributor, etc. Oxford University Press,
Date of publication, distribution, etc. 1961
300 ## - PHYSICAL DESCRIPTION
Extent ix, 504 p. ;
Dimensions 25 cm.
490 1# - SERIES STATEMENT
Series statement School of Oriental and African Studies, University of London. Historical writing on the peoples of Asia ;
Volume/sequential designation v. 1
504 ## - BIBLIOGRAPHY, ETC. NOTE
Bibliography, etc. note Includes bibliographical footnotes and index.
651 #0 - SUBJECT ADDED ENTRY--GEOGRAPHIC NAME
Geographic name Sri Lanka
General subdivision History
-- Historiography.
651 #0 - SUBJECT ADDED ENTRY--GEOGRAPHIC NAME
Geographic name India
General subdivision History.
-- Historiography
651 #0 - SUBJECT ADDED ENTRY--GEOGRAPHIC NAME
Geographic name Pakistan
General subdivision History
-- Historiography.
651 #0 - SUBJECT ADDED ENTRY--GEOGRAPHIC NAME
Geographic name Asia
General subdivision History
-- Historiography.
830 #0 - SERIES ADDED ENTRY--UNIFORM TITLE
Uniform title Historical writing on the peoples of Asia (School of Oriental and African Studies) ;
Volume/sequential designation v.1
942 ## - ADDED ENTRY ELEMENTS (KOHA)
Source of classification or shelving scheme Dewey Decimal Classification
Koha item type Books
Holdings
Withdrawn status Lost status Source of classification or shelving scheme Damaged status Not for loan Home library Current library Shelving location Date acquired Full call number Barcode Date last seen Copy number Price effective from Koha item type
    Dewey Decimal Classification     JCC Rouf Library JCC Rouf Library General Stacks 03/14/2018 954.95 PHI 1962 11816 03/14/2018 C-1 03/14/2018 Books

JCC Library | Contacts | JCC Home

Last Update on 23 September 2017
Copyright @ 2017-2020 JCC Rouf Library
Rouf Library, Jhenidah Cadet College (JCC), Bangladesh